000 00308nam a2200133Ia 4500
005 20260328104309.0
008 260328s9999||||xx |||||||||||||| ||und||
100 _aLee, Uje
245 0 _aArchitecture for Public /
_cUje Lee
260 _bC3
300 _a254 p.
650 _aESPACIO PUBLICO
942 _cBK
999 _c10878
_d10878